40 años Tribunal Constitucional de Chile: 1971-2011

Sábháilte in:
Sonraí bibleagrafaíochta
Údar corparáideach: Tribunal Constitucional de Chile (Údar)
Formáid: LEABHAR
Teanga:Spáinnis
Foilsithe / Cruthaithe: Santiago Tribunal Constitucional de Chile 2011
Ábhair:
Clibeanna: Cuir clib leis
Níl clibeanna ann, Bí ar an gcéad duine le clib a chur leis an taifead seo!

MARC

LEADER 00000cam a2200000 a 4500
001 UCF0977
003 CL-VaPUC
008 120614e20110000CL |||||||||||||||||spa|d
082 0 4 |a 342.83  |b TRI  |2 21 
110 2 |a Tribunal Constitucional de Chile  |e author  |9 562651 
245 1 0 |a 40 años Tribunal Constitucional de Chile: 1971-2011 
300 |a 31 p 
942 |c BK 
945 |d 20120614 00:00:00  |a dcastane 
260 |a Santiago  |b Tribunal Constitucional de Chile  |c 2011 
600 0 7 |a TRIBUNAL CONSTITUCIONAL DE CHILE  |2 CL-VaPUC  |9 562652 
650 0 |a Derecho constitucional   |9 222588 
650 0 |a Historia del derecho chileno  |9 404081 
650 0 |a Reforma constitucional  |9 332804 
583 |a last modification  |c 20120614 12:18:00  |k Rodrigo Vera 
999 |c 348005  |d 348003 
952 |0 0  |1 0  |2 ddc  |4 0  |6 342_830000000000000_TRI_2011  |7 0  |8 A  |9 449848  |a BIBDER  |b BIBDER  |d 2019-11-22  |i 4869370  |l 1  |o 342.83 TRI 2011  |p 4869370  |r 2023-03-16  |s 2023-03-13  |w 2019-11-22  |y MX  |k DER